| 000 | 00591nam a2200205Ia 4500 | ||
|---|---|---|---|
| 003 | GCL | ||
| 008 | 140319s9999 xx 000 0 eng d | ||
| 040 |
_aGCL / _cGCL |
||
| 082 | 0 | 4 |
_a192 _bA L |
| 100 | 1 | _aAYERS, MICHAEL | |
| 245 | 1 | 0 |
_aLOCKE EPISTEMOLOGY AND ONTOLOGY / _cAYERS, MICHAEL |
| 260 |
_a[S.N] : _bROUTLEDGE ، _c1993 |
||
| 300 | _a341 P | ||
| 650 | 0 | 4 | _aKNOWLEDGE |
| 650 | 0 | 4 | _aTHEORY - RELIGION |
| 650 | 0 | 4 | _aLOCKE, JOHN 1632-1704 |
| 650 | 0 | 4 | _aاسرائيل - تاريخ - النزاع العربى الاسرائيلى |
| 650 | 0 | 4 | _aTHEORY - HISTORY |
| 942 |
_2ddc _cBK |
||
| 999 |
_c10298 _d10298 |
||